000 00643nam a2200205 a 4500
005 20140412111351.0
008 050426s19uu xx 00 eng d
020 _a0-02-660954-1
050 _aTR(GS 372.4
_bC1 2000
100 _aCrimi, Carolyn
245 _aThe toy princess :
_bdecodable book /
_cby Carolyn Crimi ; illustrated by Olivia Cole.
260 _aColumbus, Ohio :
_bSRA/McGraw-Hill,
_c2000.
300 _a8 p. ; ill.
440 _aSRA Open Court Reading
500 _aLevel C, Set 1, Book 23
650 _aReading
_xPhonetic
_xJuvenile literature
650 _aToys
_xFiction
650 _aChildren stories
999 _c105316
_d105316